000 00983nac a22003137a 4500
001 BR7100647
003 BR-BrBNA
005 20240105113415.0
008 230509b bl.|||m| |||| 00| 0 por d
040 _aBR-BrBNA
_bpor
_cBiblioteca Nacional de Agricultura
072 _aP20; L60
090 _aP20 BR7100647
100 1 _aCoimbra Filho, A.F.
100 1 _aAldrighi, A.D.
110 1 _aMuseu Nacional, Rio de Janeiro, GB (Brasil)
_97645
245 1 _aA restauracao da fauna do Parque Nacional da Tijuca, estado da Guanabara, Brasil
260 3 _aRio de Janeiro, GB (Brasil):
_c1971.
300 _a30 p.
490 _aPublicacoes Avulsas - Museu Nacional (Brazil)
_vno. 57
_x
500 _a14 illus.; 18 ref.; Summary (En)
650 _aRecurso da terra
650 _aTaxonomia animal
650 _aFauna
650 _aParque Nacional
650 _aConservacao
650 _aGuanabara
909 _a202312
_bLúcia Elande
_c55
_dLúcia Elande
942 _2AGRIS
_n0
_cMS
999 _c263552
_d263552